=LDR 00000nam 2200000 4500 =001 INLIS000000000022174 =005 20130612120946 =008 ***********************************Ind** =035 ##$$0010-061300000022174 =041 ##$$a Ind =082 ##$$a 813 =090 ##$$a 813, Zai-n =100 ##$$a ZAIN, Umar Nur =245 ##$$a Naga dari leang bua, Umar Nur Zain =250 ##$$a Seri Petulangan Sinta =260 ##$$a 1996 $b Jakarta =300 ##$$a 217 hlm., ilus., 21 cm =650 ##$$a Fiksi Dewasa =850 ##$$a NBPNMAT